000 00588nam a22001937a 4500
999 _c6236
_d6236
003 OSt
005 20190819110208.0
008 190819b ||||| |||| 00| 0 eng d
020 _a1891389092
040 _cDDC
082 _a363.1926 COL 2001.
100 _aCollman,P.James;
_912829
245 _aNaturally Dangerous;
_bSurprising Facts about food, Health and the environment:
260 _aCalifornia,
_bUniversity Science Books;
300 _axii,270p;
_bill;
_c25cm.
504 _aincludes references, Glossary and index.
650 _aGeneral science.
_912830
942 _2ddc
_cO_SHELF